000 00684nam a2200265Ia 4500
003 OSt
005 20221006160932.0
006 a|||||r|||| 00| 0
007 ta
008 221006b |||||||| |||| 00| 0 kor d
020 _a9788972951971
024 _a46,880
037 _cTextual
040 _aEASL
_cEASL
_bkor
041 _2kor
_akor
082 _aO495,5, Q2
100 _aMEIDINGER R Au.
_9675496
245 0 _aKorean fairy tales
260 _aSEOUL
_bCHUNGBUK UNIVERSITY PRESS
_c2012
300 _a239
_ccm.
490 _v KL
700 _a HONG KJ
_9675497
942 _hO495,5, Q2
_cTEXL
_2CC
999 _c1114969
_d1114969